000 00878nam a22001935i 4500
001 161362
003 ES-MaACL
005 20250929063233.0
008 931014s1874 sp |||| | spa d
040 _aCAT
_bspa
_cCAT
_dCCPB
080 4 _a23
100 2 _aParassols y Pi, Pablo,
_d1824-1902
_9130828
245 1 0 _aSan Juan de las Abadesas y su mayor gloria el santísimo misterio /
_creseña histórica corregida y aumentada por su autor Pablo Parassols y Pi.
260 _aBarcelona :
_b[s.n.],
_c1874 (
_fEstablecimiento Tipográfico de Luis Tasso)
300 _a288 p. ;
_c15 cm.
752 _aEspaña -
_dBarcelona
852 _aES-MaACL
_zR-1937
_z-- Enc. hol., con puntas y hierros dorados
_x-- Edic.: corregir en el tít. "Santísimo Misterio" -- Añadir T610 Colegiata de San Juan de las Abadesas (Gerona)-Historia. Olim: G-492
999 _c161362
_d161362